Vybrané problémy usporiadania pozemkového vlastníctva

Salvato in:
Dettagli Bibliografici
Autore principale: Baga, Tomáš (Autore)
Altri autori: Hudecová, Ľubica (Relatore della tesi)
Natura: Manoscritto Libro
Lingua:slovacco
Pubblicazione: 2023
Soggetti:
Accesso online:http://is.stuba.sk/zp/portal_zp.pl?podrobnosti=168485
https://opac.crzp.sk/?fn=detailBiblioForm&sid=C0DEB8E07572332BA9260A15805F
Tags: Aggiungi Tag
Nessun Tag, puoi essere il primo ad aggiungerne!!

MARC

LEADER 00000ntm a22000003a 4500
001 stuzp93859
003 SK-STU
005 20230914112239.1
007 ta
008 150427s2015----xo-----f-mn---000-0-slo-d
040 |a STU  |b slo 
041 0 |a slo 
100 1 |a Baga, Tomáš  |u 010140  |4 aut  |U SvF Stavebná fakulta  |T SvF Katedra geodézie  |X 97699  |U V140  |Y 14  |7 97699 
242 0 1 |a Selected problems of land ownership arrangement  |y eng 
245 1 0 |a Vybrané problémy usporiadania pozemkového vlastníctva 
260 |c 2023 
650 4 |a Rozdrobenosť pozemkového vlastníctva  |2 slo 
650 4 |a riešenia rozdrobenosti pozemkového vlastníctva  |2 slo 
650 4 |a duplicitné vlastníctvo  |2 slo 
650 4 |a projekt pozemkových úprav  |2 slo 
650 4 |a Land ownership fragmentation  |2 eng 
650 4 |a duplicate ownership  |2 eng 
650 4 |a land ownership fragmentation solutions  |2 eng 
650 4 |a land consolidation project  |2 eng 
700 1 |a Hudecová, Ľubica  |u 010140  |k Z1  |4 ths  |U SvF Stavebná fakulta  |T SvF Katedra geodézie  |X 1662  |U V140  |Y 14  |7 A000001662 
856 4 |u http://is.stuba.sk/zp/portal_zp.pl?podrobnosti=168485 
856 4 |u https://opac.crzp.sk/?fn=detailBiblioForm&sid=C0DEB8E07572332BA9260A15805F